000 01490nam a2200337 c 4500
003 BLK
005 20180420213632.0
008 180412b bul|||||r ||||||| ||bul||
010 _aKNG00004195000
020 _a954-03-0240-4
_bиздат.: Техника
040 _aBLK
041 _aBUL
_cBUL
080 _aЕлектротехника
_b621.3
_x.01(075.8)
_z621.3.01(075.8)
700 1 _aСтанев, Илия Влайков
_eпод общ. ред. на
_9246831
139 _aСтанев, Илия Влайков
_bВ 71
245 1 0 _aПримери и задачи по теоретични основи на електротехниката
_b[За студентите от ТУ В. Априлов - Габрово и ТУ - Варна] : Ч. 1 - 2
_cпод общ. ред. на Илия Влайков Станев.
_nЧ. 1
257 _aBGR
260 София
_bТехника
_c1993 - 1994
300 _c22 см
380 _a62
500 _aДеп. списък: 42 ; 2 050 тир
650 4 _aЕлектротехника - задачи - учебници за ВУЗ
_9243876
653 _aзадачи
653 _aоснови
760 1 _d1993 (џ¬Ў
_h236 с. : със сх., черт. : със сх.,
_nДруги авт.: Д. П. Петров, Г. Г. Дишлиев, Р. Т. Пенова
_tЧ. 1
852 _aЦб 177781
856 4 _qpdf
_u
856 4 _qpdf
_u
942 _cKNG
_n0
944 _aCR
_c15.01.2003
_kAB_DOS
944 _aED
_c11.01.2017
_kСечил_Томаш
999 _c3135
_d3135